| Tag |
First Indicator |
Second Indicator |
Subfields |
| LEADER |
00000cam a22000001i 4500 |
| 001 |
in00000052058 |
| 005 |
20240625155217.0 |
| 008 |
721213s1942 nyu b 001 0 eng |
| 010 |
|
|
|a 42050183
|
| 016 |
7 |
|
|a 00710330R
|2 DNLM
|
| 016 |
7 |
|
|a 007581445
|2 Uk
|
| 019 |
|
|
|a 204118
|a 264537
|a 301154
|a 76875646
|a 222892396
|a 664729336
|a 1016245767
|a 1069303441
|a 1091712610
|a 1114827996
|
| 029 |
1 |
|
|a AU@
|b 000000632667
|
| 029 |
1 |
|
|a AU@
|b 000022131295
|
| 029 |
1 |
|
|a CHDSB
|b 004696027
|
| 029 |
1 |
|
|a CHVBK
|b 122881486
|
| 029 |
1 |
|
|a DEBSZ
|b 007513356
|
| 029 |
1 |
|
|a GBVCP
|b 145476642
|
| 029 |
1 |
|
|a GEBAY
|b 1405005
|
| 029 |
1 |
|
|a HEBIS
|b 106488694
|
| 029 |
1 |
|
|a NLM
|b 00710330R
|
| 029 |
1 |
|
|a NZ1
|b 3987667
|
| 029 |
1 |
|
|a NZ1
|b 90221
|
| 029 |
1 |
|
|a UKMGB
|b 007581445
|
| 035 |
|
|
|a (OCoLC)ocm00203707
|
| 035 |
|
|
|a (OCoLC)203707
|z (OCoLC)204118
|z (OCoLC)264537
|z (OCoLC)301154
|z (OCoLC)76875646
|z (OCoLC)222892396
|z (OCoLC)664729336
|z (OCoLC)1016245767
|z (OCoLC)1069303441
|z (OCoLC)1091712610
|z (OCoLC)1114827996
|
| 035 |
|
|
|a (OCoLC)ocm00203707
|
| 040 |
|
|
|a DLC
|b eng
|c DLC
|d CHS
|d NLM
|d BUF
|d NLGGC
|d LVB
|d OCLCQ
|d OCLCG
|d GEBAY
|d KIJ
|d UKMGB
|d OCLCO
|d OCLCF
|d OCLCQ
|d OCLCA
|d OCLCQ
|d KPV
|d KPS
|d PHUST
|d OCLCO
|d OCLCA
|d OCLCQ
|d MUX
|d OCLCA
|d BOS
|d CPO
|d OCLCO
|d OCLCQ
|d OCLCO
|d WYU
|d OCLCO
|d XFF
|d OCLCO
|d OCLCQ
|d UAB
|d OCLCQ
|d NYHOF
|d OCLCO
|d OCLCQ
|d IL4J6
|d OCLCO
|d OKS
|d OCLCO
|d DCHUA
|d OCLCO
|d OCL
|d OCLCO
|d EMRUN
|d OCLCL
|d OCLCQ
|d OCLCL
|
| 050 |
0 |
0 |
|a BF692
|b .M4
|
| 060 |
0 |
0 |
|a BF 692
|b M547L 1942
|
| 082 |
0 |
0 |
|a 131.341
|
| 084 |
|
|
|a 44.91
|2 bcl
|
| 100 |
1 |
|
|a Menninger, Karl A.
|q (Karl Augustus),
|d 1893-1990.
|1 https://id.oclc.org/worldcat/entity/E39PBJvCR7mPy7JBRCJ3KRPmh3
|
| 245 |
1 |
0 |
|a Love against hate /
|c Karl Menninger, M.D., with the collaboration of Jeanetta Lyle Menninger.
|
| 264 |
|
1 |
|a New York :
|b Harcourt, Brace and Co.,
|c [1942]
|
| 300 |
|
|
|a ix pages, 1 leaf, 311 pages ;
|c 23 cm
|
| 336 |
|
|
|a text
|b txt
|2 rdacontent
|
| 337 |
|
|
|a unmediated
|b n
|2 rdamedia
|
| 338 |
|
|
|a volume
|b nc
|2 rdacarrier
|
| 490 |
0 |
|
|a Harvest book ;
|v HB28
|
| 500 |
|
|
|a "First edition."
|
| 500 |
|
|
|a "Source notes": pages 295-301.
|
| 505 |
0 |
0 |
|t This medicine, love --
|t The frustrations of the child --
|t The frustrations of women --
|t The depreciation of femininity --
|t Breaking the vicious circle --
|t Work --
|t Play --
|t Faith --
|t Hope --
|t Love.
|
| 504 |
|
|
|a Includes source notes and index.
|
| 520 |
|
|
|a "First edition." "Source notes": pages 295-301.
|
| 650 |
|
0 |
|a Sex (Psychology)
|
| 650 |
|
0 |
|a Psychoanalysis.
|
| 650 |
|
0 |
|a Instinct.
|
| 650 |
|
0 |
|a Love.
|
| 650 |
|
0 |
|a Love
|x Psychological aspects.
|
| 650 |
|
2 |
|a Love
|
| 650 |
|
2 |
|a Sexual Behavior
|
| 650 |
|
2 |
|a Instinct
|
| 650 |
|
6 |
|a Sexualité (Psychologie)
|
| 650 |
|
6 |
|a Psychanalyse.
|
| 650 |
|
6 |
|a Instinct.
|
| 650 |
|
6 |
|a Amour
|x Aspect psychologique.
|
| 650 |
|
6 |
|a Amour.
|
| 650 |
|
7 |
|a psychoanalysis.
|2 aat
|
| 650 |
|
7 |
|a love (emotion)
|2 aat
|
| 650 |
|
7 |
|a Love
|x Psychological aspects
|2 fast
|
| 650 |
|
7 |
|a Instinct
|2 fast
|
| 650 |
|
7 |
|a Love
|2 fast
|
| 650 |
|
7 |
|a Psychoanalysis
|2 fast
|
| 650 |
|
7 |
|a Sex (Psychology)
|2 fast
|
| 650 |
|
7 |
|a Interaktion
|2 gnd
|
| 600 |
1 |
7 |
|a Liebe, ...
|2 gnd
|
| 650 |
|
7 |
|a Liebe
|2 gnd
|
| 650 |
1 |
7 |
|a Haat.
|2 gtt
|
| 650 |
1 |
7 |
|a Agressie.
|2 gtt
|
| 650 |
1 |
7 |
|a Kinderen.
|2 gtt
|
| 650 |
|
7 |
|a Sexuality.
|2 homoit
|
| 650 |
|
7 |
|a Sexual practices.
|2 homoit
|
| 650 |
|
7 |
|a Sex (Act)
|2 homoit
|
| 650 |
|
7 |
|a Love.
|2 nli
|
| 650 |
|
7 |
|a Instinct.
|2 nli
|
| 650 |
|
7 |
|a Aggressiveness
|x Prevention.
|2 nli
|
| 650 |
|
7 |
|a Psychoanalysis.
|2 nli
|
| 650 |
|
7 |
|a Women
|x Psychology.
|2 nli
|
| 650 |
|
7 |
|a Sex (Psychology)
|2 nli
|
| 650 |
0 |
7 |
|a Interaktion.
|2 swd
|
| 650 |
0 |
7 |
|a Liebe.
|2 swd
|
| 700 |
1 |
|
|a Menninger, Jeanetta Lyle,
|e author.
|
| 758 |
|
|
|i has work:
|a Love against hate (Work)
|1 https://id.oclc.org/worldcat/entity/E39PCGHxQf64BkCcQgT7VtBjJC
|4 https://id.oclc.org/worldcat/ontology/hasWork
|
| 776 |
0 |
8 |
|i Also issued on microfilm.
|d [Bethesda, Md.] : National Library of Medicine, 2000.
|h 1 microfilm reel : negative ; 35 mm.
|
| 776 |
0 |
8 |
|i Online version:
|a Menninger, Karl A. (Karl Augustus), 1893-1990.
|t Love against hate.
|d New York, Harcourt, Brace and Co. [1942]
|w (OCoLC)563965918
|
| 948 |
|
|
|h HELD BY TXA - 1344 OTHER HOLDINGS
|
| 994 |
|
|
|a Z0
|b TXA
|
| 999 |
f |
f |
|s 9f613f35-9dfc-31f7-ab18-7b2b4416698c
|i ed48b630-b791-3c53-bd37-9c50cd5dd637
|t 0
|
| 952 |
f |
f |
|p ric
|a Texas A&M University
|b Rellis Campus
|c Joint Library Facility
|s JLF
|d Remote Storage
|t 0
|e BF692 .M4 1942
|h Library of Congress classification
|i unmediated -- volume
|m A14800510824
|
| 952 |
f |
f |
|a Texas A&M University
|b College Station
|c Sterling C. Evans Library
|s Evans Withdrawn (Evans)
|d SUPPRESSED
|t 1
|e BF692 .M4 1942
|h Library of Congress classification
|